Statistics for Naruto Characters

Click here to take the quiz!

General Stats

  • This quiz has been taken 1,951 times
  • The average score is 31 of 52

Answer Stats

AffiliationAnswer% Correct
LeafNaruto
99%
LeafSasuke
97%
LeafKakashi
93%
AkatsukiItachi
84%
SandGaara
83%
LeafHinata
81%
LeafIno
79%
Akatsuki(Former)Orochimaru
79%
LeafShikamaru
78%
LeafTsunade
77%
LeafNeji
76%
LeafChoji
74%
AkatsukiDeidara
74%
SandTemari
74%
LeafKiba
73%
AkatsukiSasori
72%
AkatsukiNagato
71%
AkatsukiKisame
70%
AkatsukiHidan
69%
AkatsukiKonan
69%
LeafRock Lee
69%
LeafShino
68%
LeafAsuma
67%
LeafTenTen
67%
SenjuHashirama
64%
AkatsukiKakuzu
64%
AkatsukiMadara
64%
SenjuTobirama
62%
LeafMinato
59%
AkatsukiZetsu
59%
TakaKarin
58%
LeafKurenai
57%
LeafJiraiya
54%
TakaJugo
53%
SoundKabuto
52%
LeafSai
52%
TakaSuigetsu
51%
AkatsukiYahiko
50%
LeafYamato
49%
MistZabuza
49%
LeafHiruzen
48%
LeafMight Guy
48%
MistHaku
47%
CloudKiller Bee
39%
LeafIruka
35%
LeafKonohamaru
30%
SandChiyo
27%
LeafAnko
25%
LeafDanzo
25%
SoundKimimaro
14%
SenjuMito
12%
MistSecond Mizukage
1%

Score Distribution

Percentile by Number Answered

Percent of People with Each Score

Your Score History

You have not taken this quiz